000 00675nam a2200253Ia 4500
003 OSt
005 20221005064016.0
006 a|||||r|||| 00| 0
007 ta
008 221004b |||||||| |||| 00| 0 urd d
020 _c4.50
024 _a31192
037 _cTextual
040 _aCRL
_cCRL
_burd
041 _2urd
_aurd
082 _aO168,3N04,TG, K5
100 _aJafari Raees Ahmad Au.
_9181268
245 0 _aTabeer-e-gham
260 _aLuckhnow
_bM.A publishers India
_c1965
300 _a216p.
_ccm.
650 _aURDU FICTION
_93298
942 _hO168,3N04,TG, K5
_cTEXL
_2cc
999 _c972241
_d972241